Detalles MARC
| 000 -LIDER |
| fixed length control field |
00961nam a22003257a 4500 |
| 003 - IDENTIFICACDOR DE NÚMERO DE CONTROL |
| control field |
DO-SdBNP |
| 005 - DATE AND TIME OF LATEST TRANSACTION |
| control field |
20180206131537.0 |
| 008 - ELEMENTOS DE LONGITUD FIJA |
| fixed length control field |
151103b 1979 sp ||| 00| 0 spa d |
| 020 ## - ISBN |
| International Standard Book Number |
8402012930 |
| 040 ## - FUENTE DE CATALOGACIÓN |
| Agencia que crea de manera original el registro |
BPMSU |
| Idioma de catalogación |
spa |
| Agencia que realiza la transcripción |
BPMSU |
| 082 #4 - NÚMERO DE CLASIFICACIÓN DECIMAL DE DEWEY |
| Classification number |
843.8 |
| Item number |
V531v 1979 |
| 092 ## - LOCALLY ASSIGNED DEWEY DECIMAL CALL NUMBER |
| Número de clasificación |
|
| Número de ítem (Cutter) |
|
| 100 1# - ASIENTO PRINCIPAL -- NOMBRE PERSONAL |
| Nombre personal |
Verne, Julio, |
| Fechas asociadas con el nombre |
1828-1905 |
| 245 1# - MENCIÓN DE TITULO |
| Título |
Viaje al centro de la tierra / |
| Mención de responsabilidad |
Julio Verne |
| 250 ## - MENCIÓN DE EDICION |
| Mención de edición |
10a ed. |
| 260 ## - PUBLICACIÓN, DISTRIBUCIÓN, ETC. (PIE DE IMPRENTA) |
| Lugar de publicación, distribución, etc |
Madrid, España : |
| Nombre del editor, distribuidor, etc. |
Bruguera, |
| Fecha de publicación, distribución, etc |
1979. |
| 300 ## - DESCRIPCIÓN FÍSICA |
| Extensión |
254 p. : |
| Otros detalles físicos |
il. ; |
| Dimensiones |
21 cm. |
| 490 1# - MENCIÓN DE SERIES |
| Mención de serie |
Historias selección |
| Volume/sequential designation |
4 |
| 490 ## - MENCIÓN DE SERIES |
| Mención de serie |
|
| Volume/sequential designation |
|
| 500 ## - NOTA GENERAL |
| Nota general |
Edición ilustrada |
| 504 ## - NOTA DE BIBLIOGRAFÍA, ETC. |
| Bibliography, etc |
Incluye referencias bibligoráficas y notas al pie de las páginas |
| 650 ## - ENCABEZAMIENTO DE MATERIA--TEMÁTICO |
| Término temático o nombre geográfico como elemento de entrada |
|
| 650 ## - ENCABEZAMIENTO DE MATERIA--TEMÁTICO |
| Término temático o nombre geográfico como elemento de entrada |
NOVELA FRANCESA |
| 650 ## - ENCABEZAMIENTO DE MATERIA--TEMÁTICO |
| Término temático o nombre geográfico como elemento de entrada |
LITERATURA JUVENIL FRANCESA |
| 830 #0 - ASIENTO SECUNDARIO DE SERIE--TÍTULO UNIFORME |
| Título uniforme |
Seleción historias |
| Número de la parte o sección de una obra |
4 |
| 942 ## - ADDED ENTRY ELEMENTS (KOHA) |
| Source of classification or shelving scheme |
Dewey Decimal Classification |
| Koha item type |
Libros |
| 945 ## - INFORMACIÓN DE PROCESAMIENTO LOCAL |
| Información de procesamiento local |
Inventariado, 2018 / BT |
| 956 ## - LOCAL ELECTRONIC LOCATION AND ACCESS (OCLC) |
| Nombre de host |
BTAVAREZ |
| Número de acceso |
10 |
| Trayectoria |
20180206 |
| Nombre Electrónico |
0038 |
| 956 ## - LOCAL ELECTRONIC LOCATION AND ACCESS (OCLC) |
| Nombre de host |
VMATEO |
| Número de acceso |
10 |
| Información de compresión |
20161121 |
| Trayectoria |
BPMSU |
| Nombre Electrónico |
0069 |